[Event "American Continental 16th"]
[Site "San Salvador"]
[Date "2022.05.07"]
[Round "8"]
[White "Perez Salazar, Armando"]
[Black "Chavez, Ricardo Ernesto"]
[Result "0-1"]
[WhiteElo "1978"]
[BlackElo "2184"]
[PlyCount "86"]
[EventDate "2022.05.02"]
[EventType "swiss"]
[EventRounds "11"]
[EventCountry "ESA"]
[SourceTitle "CBM 208 Extra"]
[Source "ChessBase"]
[SourceDate "2022.07.31"]
[SourceVersion "1"]
[SourceVersionDate "2022.07.31"]
[SourceQuality "1"]

1. Nf3 Nf6 2. d4 c5 3. g3 b6 4. Bg2 Bb7 5. e3 e6 6. 0-0 Be7 7. b3 cxd4 8. exd4 0-0 9. Bb2 d5 10. Nbd2 Nbd7 11. Qe2 Rc8 12. Rac1 Re8 13. Ne5 Rc7 14. f4 Qc8 15. Ndf3 Ne4 16. Nxd7 Qxd7 17. Ne5 Qc8 18. Bh3 b5 19. f5 Bg5 20. fxe6 f6 21. Qh5 fxe5 22. Qf7+ Kh8 23. e7 Rcxe7 24. Bxc8 Rxf7 25. Rxf7 Bxc1 26. Bd7 Be3+ 27. Kg2 Rb8 28. dxe5 d4 29. Kf1 Kg8 30. Be6 Kh8 31. h4 h5 32. Ba3 Nd2+ 33. Ke2 b4 34. Bxb4 Ba6+ 35. Ke1 Rxb4 36. Rf8+ Kh7 37. Bf5+ g6 38. Rf7+ Kh6 39. Rf6 Nf3+ 40. Kd1 Nxe5 41. Rxa6 Rb6 42. Rxb6 axb6 43. Be4 Bf2 0-1

[Event "American Continental 16th"]
[Site "San Salvador"]
[Date "2022.05.06"]
[Round "6"]
[White "Perez Salazar, Armando"]
[Black "Arvelo Leo, Gian Carlo"]
[Result "0-1"]
[WhiteElo "1978"]
[BlackElo "2229"]
[PlyCount "100"]
[EventDate "2022.05.02"]
[EventType "swiss"]
[EventRounds "11"]
[EventCountry "ESA"]
[SourceTitle "CBM 208 Extra"]
[Source "ChessBase"]
[SourceDate "2022.07.31"]
[SourceVersion "1"]
[SourceVersionDate "2022.07.31"]
[SourceQuality "1"]

1. c4 Nf6 2. Nc3 g6 3. g3 Bg7 4. Bg2 0-0 5. e4 d6 6. Nge2 c5 7. 0-0 Nc6 8. d3 Ne8 9. f4 Nc7 10. f5 Rb8 11. Rb1 b5 12. b3 Nd4 13. g4 e6 14. fxg6 fxg6 15. Qe1 Rxf1+ 16. Qxf1 Qh4 17. h3 Bd7 18. Qf2 Qxf2+ 19. Kxf2 Rf8+ 20. Ke1 Nf3+ 21. Bxf3 Rxf3 22. Nd1 Rxh3 23. Nf2 Rf3 24. Kf1 Rf8 25. Bg5 Rb8 26. Be7 Ne8 27. Kg2 Bc6 28. Nf4 Kf7 29. Bh4 Be5 30. N4h3 Nc7 31. Rf1 Kg8 32. Ng5 bxc4 33. bxc4 Bd7 34. Nfh3 Rb2+ 35. Kh1 Bc6 36. Nf4 Bd7 37. Ng2 Be8 38. Nf4 Bxf4 39. Rxf4 h6 40. Nh7 Kxh7 41. Rf8 Kg7 42. Be7 Rb6 43. a4 a5 44. Rf3 Bxa4 45. Bf8+ Kh7 46. Rf7+ Kg8 47. Rf2 e5 48. Bxh6 Be8 49. Rf8+ Kh7 50. g5 a4 0-1

[Event "American Continental 16th"]
[Site "San Salvador"]
[Date "2022.05.06"]
[Round "7"]
[White "Vasquez Vasquez, Marielos"]
[Black "Perez Salazar, Armando"]
[Result "0-1"]
[WhiteElo "1624"]
[BlackElo "1978"]
[PlyCount "108"]
[EventDate "2022.05.02"]
[EventType "swiss"]
[EventRounds "11"]
[EventCountry "ESA"]
[SourceTitle "CBM 208 Extra"]
[Source "ChessBase"]
[SourceDate "2022.07.31"]
[SourceVersion "1"]
[SourceVersionDate "2022.07.31"]
[SourceQuality "1"]

1. d4 Nf6 2. c4 g6 3. Nf3 Bg7 4. g3 0-0 5. Bg2 d6 6. 0-0 c5 7. Nc3 Nc6 8. dxc5 dxc5 9. Be3 Qa5 10. Qb3 Ng4 11. Bd2 Qc7 12. Nd5 Qd6 13. Rad1 Nge5 14. e3 Bg4 15. Nxe5 Bxd1 16. Rxd1 Nxe5 17. Bc3 Kh8 18. f4 Ng4 19. Nf6 Qe6 20. Nd5 Rab8 21. e4 f6 22. h3 Nh6 23. g4 Qf7 24. Rf1 e6 25. Ne3 Rfd8 26. g5 Ng8 27. Ng4 f5 28. Ne5 Qe8 29. Rd1 Rxd1+ 30. Qxd1 Ne7 31. Qd6 Nc6 32. Qxc5 Nxe5 33. Bxe5 Rc8 34. Bxg7+ Kxg7 35. Qxa7 Qd7 36. exf5 gxf5 37. Qxb7 Qxb7 38. Bxb7 Rxc4 39. Ba6 Rc2 40. b4 Rxa2 41. Bc4 Rb2 42. Bxe6 Kg6 43. b5 Rb4 44. Kg2 Rxf4 45. Kg3 Rb4 46. h4 Rxb5 47. Bd7 Re5 48. Kf4 Re4+ 49. Kg3 Re7 50. Bc8 Re3+ 51. Kf4 Re4+ 52. Kg3 Rg4+ 53. Kh3 Kh5 54. Bxf5 Rxh4+ 0-1

[Event "Caribbean-ch U18"]
[Site "San Salvador"]
[Date "2021.11.27"]
[Round "6"]
[White "Perez Salazar, Armando"]
[Black "Haynes, Aaron"]
[Result "1-0"]
[WhiteElo "1847"]
[BlackElo "1446"]
[PlyCount "66"]
[EventDate "2021.11.27"]
[EventType "tourn"]
[EventRounds "9"]
[EventCountry "ESA"]
[SourceTitle "EXT 2023"]
[Source "ChessBase"]
[SourceDate "2022.10.05"]
[SourceVersion "1"]
[SourceVersionDate "2022.10.05"]
[SourceQuality "1"]
[WhiteTeam "El Salvador"]
[BlackTeam "Barbados"]
[WhiteTeamCountry "ESA"]
[BlackTeamCountry "BAR"]

1. c4 c5 2. Nc3 g6 3. g3 Bg7 4. Bg2 Nc6 5. d3 e6 6. e3 Nge7 7. Nge2 0-0 8. 0-0 d5 9. a3 Rb8 10. Rb1 a6 11. b4 cxb4 12. axb4 b5 13. cxd5 exd5 14. d4 Bf5 15. Ba3 Bxb1 16. Qxb1 a5 17. Nf4 axb4 18. Bxb4 Nxb4 19. Qxb4 Qd7 20. Nfxd5 Nc6 21. Qc5 Rfc8 22. Ne4 Qd8 23. Rb1 f5 24. Rxb5 fxe4 25. Rxb8 Rxb8 26. Qxc6 Rb1+ 27. Bf1 Rb8 28. Qe6+ Kh8 29. Qxe4 Rc8 30. Bd3 Rc6 31. h4 Rd6 32. Nf4 Bh6 33. Ne6 Rxe6 1-0

[Event "Central America Carribean-ch U20"]
[Site "Pereira"]
[Date "2021.09.21"]
[Round "1"]
[White "Lopez, Ricardo Andres"]
[Black "Perez Salazar, Armando"]
[Result "1/2-1/2"]
[WhiteElo "1398"]
[BlackElo "1932"]
[PlyCount "85"]
[EventDate "2021.09.21"]
[EventType "swiss"]
[EventRounds "9"]
[EventCountry "COL"]
[SourceTitle "EXT 2023"]
[Source "ChessBase"]
[SourceDate "2022.10.05"]
[SourceVersion "1"]
[SourceVersionDate "2022.10.05"]
[SourceQuality "1"]

1. e4 c5 2. d4 cxd4 3. c3 d3 4. Nf3 Nc6 5. Bf4 d6 6. Bxd3 g6 7. 0-0 Bg7 8. Na3 Nf6 9. e5 Nh5 10. Be3 dxe5 11. Qc2 0-0 12. Rad1 Qc7 13. Nb5 Qb8 14. Na3 Nf4 15. Be4 f5 16. Bxc6 bxc6 17. Rfe1 Nd5 18. Bc5 Bf6 19. c4 Nf4 20. Qc1 Qc7 21. Nc2 Rb8 22. b3 e4 23. Nfd4 Nd3 24. Rxd3 exd3 25. Nb4 Bxd4 26. Rxe7 Bxc5 27. Rxc7 Bxb4 28. c5 Ba6 29. Qh6 Rf7 30. Rxf7 Kxf7 31. Qxh7+ Kf6 32. Qh4+ Ke6 33. Qg3 Rd8 34. Qxg6+ Ke5 35. Qxc6 d2 36. Qc7+ Ke4 37. Qxd8 Bd3 38. Qa8+ Kd4 39. Qf3 Kc3 40. c6 Bd6 41. Qd1 Bc2 42. Qa1+ Kd3 43. Qf1+ 1/2-1/2

[Event "Pan American-ch Hybrid U16 31st"]
[Site "Tornelo INT"]
[Date "2021.09.04"]
[Round "3"]
[White "Perez Salazar, Armando"]
[Black "Jaque Gutierrez, Matias"]
[Result "0-1"]
[WhiteElo "1932"]
[BlackElo "2019"]
[PlyCount "76"]
[EventDate "2021.09.04"]
[EventType "swiss"]
[EventRounds "9"]
[EventCountry "NET"]
[SourceTitle "EXT 2023"]
[Source "ChessBase"]
[SourceDate "2022.10.05"]
[SourceVersion "1"]
[SourceVersionDate "2022.10.05"]
[SourceQuality "1"]

1. d4 d5 2. Nf3 Nf6 3. c3 e6 4. Bf4 c5 5. e3 Nc6 6. Nbd2 Bd6 7. Bg3 0-0 8. Bd3 b6 9. Ne5 Bb7 10. f4 Ne7 11. 0-0 Nf5 12. Bf2 Be7 13. Qc1 Nd6 14. Bh4 Nfe4 15. Bxe7 Qxe7 16. Nxe4 Nxe4 17. Qe1 a5 18. Rd1 Ba6 19. Qe2 Bxd3 20. Qxd3 f6 21. Nf3 c4 22. Qc2 b5 23. Nd2 Nxd2 24. Rxd2 f5 25. b3 Rfc8 26. Rb1 b4 27. g3 Rc7 28. cxb4 axb4 29. bxc4 Rxc4 30. Qd1 Qd6 31. Rdb2 h6 32. Qh5 Rac8 33. Qg6 Qa6 34. Kg2 Kh8 35. Kh3 Rc2 36. Rxb4 Qe2 37. Rh1 Qg2+ 38. Kh4 Qxh2+ 0-1

[Event "Pan American-ch Hybrid U16 31st"]
[Site "Tornelo INT"]
[Date "2021.09.04"]
[Round "2"]
[White "Rossel Grandon, Cristobal Alejandro"]
[Black "Perez Salazar, Armando"]
[Result "1/2-1/2"]
[WhiteElo "1532"]
[BlackElo "1932"]
[PlyCount "107"]
[EventDate "2021.09.04"]
[EventType "swiss"]
[EventRounds "9"]
[EventCountry "NET"]
[SourceTitle "EXT 2023"]
[Source "ChessBase"]
[SourceDate "2022.10.05"]
[SourceVersion "1"]
[SourceVersionDate "2022.10.05"]
[SourceQuality "1"]

1. e4 c5 2. Nf3 g6 3. d4 cxd4 4. Nxd4 Bg7 5. Nc3 Nc6 6. Be3 Nf6 7. f3 0-0 8. Qd2 d5 9. Nxc6 bxc6 10. 0-0-0 e6 11. Bc5 Re8 12. g4 Nd7 13. Be3 Qc7 14. h4 Rb8 15. h5 Qa5 16. hxg6 Qb4 17. gxf7+ Kxf7 18. Qd3 Qxb2+ 19. Kd2 Qxc3+ 20. Qxc3 Bxc3+ 21. Kxc3 c5 22. exd5 exd5 23. Bf4 d4+ 24. Kd2 Ne5 25. Rxh7+ Kg8 26. Bxe5 Rxe5 27. Rxa7 Be6 28. f4 Re3 29. f5 Bd5 30. Re1 Rxe1 31. Kxe1 Rb1+ 32. Kf2 Rb2 33. g5 Rxc2+ 34. Kg1 Be4 35. f6 Rc3 36. Re7 Bd5 37. Rg7+ Kf8 38. g6 Rg3+ 39. Kh2 Rf3 40. Rd7 Rxf6 41. g7+ Kg8 42. Rxd5 Rxf1 43. Rxc5 Rf2+ 44. Kg3 Rxa2 45. Rd5 Kxg7 46. Rxd4 Ra3+ 47. Kf2 Kf6 48. Ke2 Ke5 49. Rd3 Ra2+ 50. Rd2 Ra4 51. Ke1 Ra1+ 52. Rd1 Ra3 53. Rd8 Ke4 54. Re8+ 1/2-1/2

[Event "Online Olym Div2 E"]
[Site "Chess.com INT"]
[Date "2021.09.02"]
[Round "2.4"]
[White "Alvarez Calzadilla, Jose Avelino"]
[Black "Perez Salazar, Armando"]
[Result "1-0"]
[WhiteElo "2287"]
[BlackElo "1932"]
[PlyCount "67"]
[EventDate "2021.09.02"]
[EventType "team (rapid)"]
[EventRounds "9"]
[EventCountry "USA"]
[SourceTitle "CBM 204 Extra"]
[Source "ChessBase"]
[SourceDate "2021.11.30"]
[SourceVersion "1"]
[SourceVersionDate "2021.11.30"]
[SourceQuality "1"]
[WhiteTeam "Cuba"]
[BlackTeam "El Salvador"]
[WhiteTeamCountry "CUB"]
[BlackTeamCountry "ESA"]

1. e4 c5 2. Nf3 Nc6 3. Bb5 Nd4 4. Nxd4 cxd4 5. 0-0 g6 6. d3 Bg7 7. Nd2 a6 8. Bc4 d6 9. f4 Nf6 10. Nf3 d5 11. exd5 Nxd5 12. Ne5 0-0 13. Qf3 Nc7 14. Bd2 b5 15. Bb3 Be6 16. Rfe1 Bd5 17. Bxd5 Qxd5 18. Nc6 Qxf3 19. Nxe7+ Kh8 20. gxf3 Rfe8 21. f5 Bf6 22. Bf4 Bxe7 23. Bxc7 Bg5 24. Be5+ Rxe5 25. Rxe5 Rc8 26. fxg6 Be3+ 27. Rxe3 dxe3 28. gxf7 Kg7 29. c3 Kxf7 30. Kf1 Kf6 31. Ke2 Re8 32. a4 b4 33. cxb4 Kf5 34. Rc1 1-0

[Event "Online Olym Div3 E"]
[Site "Chess.com INT"]
[Date "2021.08.27"]
[Round "3.5"]
[White "Escalona Landi, Samid Eduardo"]
[Black "Perez Salazar, Armando"]
[Result "1-0"]
[WhiteElo "2122"]
[BlackElo "1932"]
[PlyCount "95"]
[EventDate "2021.08.27"]
[EventType "team-tourn (rapid)"]
[EventRounds "9"]
[EventCountry "USA"]
[SourceTitle "CBM 204 Extra"]
[Source "ChessBase"]
[SourceDate "2021.11.30"]
[SourceVersion "1"]
[SourceVersionDate "2021.11.30"]
[SourceQuality "1"]
[WhiteTeam "Venezuela"]
[BlackTeam "El Salvador"]
[WhiteTeamCountry "VEN"]
[BlackTeamCountry "ESA"]

1. e4 c5 2. Nf3 Nc6 3. g3 g6 4. Bg2 Bg7 5. 0-0 d6 6. Re1 e6 7. c3 Nge7 8. d4 0-0 9. dxc5 dxc5 10. Qe2 Qc7 11. Nbd2 b6 12. e5 Bb7 13. Nf1 Rad8 14. Bf4 Nd5 15. Bg5 Rd7 16. h4 h6 17. Bd2 Rfd8 18. N1h2 Nce7 19. Rad1 Qc8 20. Ng4 Nf5 21. c4 Ba6 22. b3 h5 23. Ngh2 Nde7 24. Bg5 Bb7 25. g4 hxg4 26. Nxg4 Bxf3 27. Qxf3 Nd4 28. Qe4 Nef5 29. Nf6+ Bxf6 30. Bxf6 b5 31. h5 bxc4 32. bxc4 Qa6 33. Qg4 Qxc4 34. Rc1 Qb4 35. hxg6 fxg6 36. Bxd8 Rxd8 37. Qxg6+ Kf8 38. Rb1 Qa5 39. Re4 Qc7 40. Qf6+ Ke8 41. Rg4 Qe7 42. Rg8+ Kd7 43. Rb7+ Kc8 44. Rxe7 Rxg8 45. Rxa7 Nf3+ 46. Kf1 Nd2+ 47. Ke2 Rxg2 48. Qf8# 1-0

[Event "Wch FIDE Online U16 America qual"]
[Site "Tornelo INT"]
[Date "2020.12.04"]
[Round "7"]
[White "Tanaka, Taira Tyler"]
[Black "Perez Salazar, Armando"]
[Result "0-1"]
[WhiteElo "2099"]
[BlackElo "1932"]
[PlyCount "74"]
[EventDate "2020.12.01"]
[EventType "swiss (rapid)"]
[EventRounds "7"]
[EventCountry "ISS"]
[SourceTitle "EXT 2022"]
[Source "ChessBase"]
[SourceDate "2021.10.06"]
[SourceVersion "1"]
[SourceVersionDate "2021.10.06"]
[SourceQuality "1"]

1. e4 c5 2. Nf3 Nc6 3. Nc3 g6 4. d4 cxd4 5. Nxd4 Bg7 6. Be3 Nf6 7. Bc4 0-0 8. Bb3 d6 9. f3 Bd7 10. Qd2 Na5 11. 0-0-0 Nxb3+ 12. axb3 a5 13. h4 h5 14. g4 a4 15. Bh6 e5 16. Nf5 gxf5 17. gxf5 axb3 18. Rhg1 Ra1+ 19. Nb1 Ne8 20. Bxg7 bxc2 21. Bxf8+ Kxf8 22. Qxc2 Qb6 23. Rge1 Ba4 24. Qc3 Bxd1 25. Rxd1 Qf2 26. Qd2 Qxf3 27. Qd3 Qf2 28. Qd2 Qxh4 29. Qd3 Qf2 30. Qd2 Qc5+ 31. Qc2 Qb5 32. Kd2 Nf6 33. Nc3 Rxd1+ 34. Kxd1 Qf1+ 35. Kd2 h4 36. Nb5 Qxb5 37. Qc3 Nxe4+ 0-1

[Event "Wch FIDE Online U16 America qual"]
[Site "Tornelo INT"]
[Date "2020.12.01"]
[Round "1"]
[White "Perez Salazar, Armando"]
[Black "Hong, Andrew Z"]
[Result "0-1"]
[WhiteElo "1932"]
[BlackElo "2449"]
[PlyCount "72"]
[EventDate "2020.12.01"]
[EventType "swiss (rapid)"]
[EventRounds "7"]
[EventCountry "ISS"]
[SourceTitle "EXT 2022"]
[Source "ChessBase"]
[SourceDate "2021.10.06"]
[SourceVersion "1"]
[SourceVersionDate "2021.10.06"]
[SourceQuality "1"]

1. d4 Nf6 2. Bf4 d5 3. e3 c5 4. c3 Nc6 5. Nd2 Bf5 6. Ngf3 e6 7. Bb5 Nd7 8. Qa4 Qc8 9. Nh4 Bg4 10. f3 Be7 11. Bg3 Bh5 12. f4 c4 13. e4 a6 14. Bxc6 bxc6 15. Qc2 0-0 16. Nhf3 Nf6 17. 0-0 Bg6 18. Bh4 dxe4 19. Ne5 Bf5 20. Ndxc4 Qc7 21. Qe2 c5 22. Rac1 Rad8 23. dxc5 Qxc5+ 24. Kh1 Rd3 25. Rce1 Rfd8 26. Ne3 Rd2 27. Qxa6 Rxb2 28. Nxf5 exf5 29. Nc6 Rdd2 30. Qa8+ Bf8 31. Rg1 Rxa2 32. Qc8 h6 33. Bxf6 gxf6 34. Rd1 e3 35. Rxd2 exd2 36. Qb7 Qxg1+ 0-1

[Event "Pan American-ch U14"]
[Site "Guayaquil"]
[Date "2019.07.26"]
[Round "8"]
[White "Perez Salazar, Armando"]
[Black "Reyes Zavaleta, Diego Alexander"]
[Result "1/2-1/2"]
[WhiteElo "1818"]
[BlackElo "1345"]
[PlyCount "41"]
[EventDate "2019.07.21"]
[EventType "swiss"]
[EventRounds "9"]
[EventCountry "ECU"]
[SourceTitle "EXT 2020"]
[Source "ChessBase"]
[SourceDate "2019.10.17"]
[SourceVersion "1"]
[SourceVersionDate "2019.10.17"]
[SourceQuality "1"]

1. d4 d5 2. Nf3 Nf6 3. c4 e6 4. Nc3 Be7 5. Bf4 a6 6. e3 0-0 7. c5 b6 8. cxb6 cxb6 9. Bd3 Bb7 10. Qc2 Nc6 11. a3 Rc8 12. Rc1 Na5 13. Ng5 h6 14. h4 Nc4 15. Qb1 Nd6 16. Bxd6 Qxd6 17. Nf3 Ne4 18. Bxe4 dxe4 19. Ne5 Bf6 20. Ng4 Be7 21. Ne5 1/2-1/2

[Event "Pan American-ch U14"]
[Site "Guayaquil"]
[Date "2019.07.24"]
[Round "6"]
[White "Perez Salazar, Armando"]
[Black "Marin Gomez, Daniel Alejandro"]
[Result "0-1"]
[WhiteElo "1818"]
[BlackElo "1440"]
[PlyCount "58"]
[EventDate "2019.07.21"]
[EventType "swiss"]
[EventRounds "9"]
[EventCountry "ECU"]
[SourceTitle "EXT 2020"]
[Source "ChessBase"]
[SourceDate "2019.10.17"]
[SourceVersion "1"]
[SourceVersionDate "2019.10.17"]
[SourceQuality "1"]

1. d4 Nf6 2. Bf4 g6 3. Nf3 Bg7 4. e3 0-0 5. h3 d6 6. Be2 Nc6 7. c4 Nd7 8. Nc3 e5 9. Bh2 f5 10. 0-0 Kh8 11. Rc1 e4 12. Ne1 Nf6 13. Nc2 Ne7 14. c5 d5 15. Nb5 Ne8 16. b4 g5 17. Bh5 Ng6 18. Bxg6 hxg6 19. Nc3 c6 20. a4 a5 21. b5 f4 22. Qd2 f3 23. g4 Nf6 24. Bg3 Kg8 25. Rb1 Kf7 26. Rb2 Rh8 27. Rfb1 Rxh3 28. bxc6 Qh8 29. Rxb7+ Kg8 0-1

[Event "Pan American-ch U14"]
[Site "Guayaquil"]
[Date "2019.07.23"]
[Round "4"]
[White "Perez Salazar, Armando"]
[Black "Loja Zambrano, Diego Sebastian"]
[Result "0-1"]
[WhiteElo "1818"]
[BlackElo "1511"]
[PlyCount "54"]
[EventDate "2019.07.21"]
[EventType "swiss"]
[EventRounds "9"]
[EventCountry "ECU"]
[SourceTitle "EXT 2020"]
[Source "ChessBase"]
[SourceDate "2019.10.17"]
[SourceVersion "1"]
[SourceVersionDate "2019.10.17"]
[SourceQuality "1"]

1. d4 Nf6 2. Nf3 g6 3. Bf4 Bg7 4. e3 0-0 5. Be2 d6 6. h3 Nbd7 7. 0-0 Qe8 8. c4 e5 9. Bh2 Ne4 10. Nbd2 f5 11. Nxe4 fxe4 12. Ng5 exd4 13. exd4 h6 14. c5 d5 15. Qb3 Nf6 16. h4 hxg5 17. hxg5 Ng4 18. Qxd5+ Be6 19. Qxe4 Nxh2 20. Kxh2 c6 21. Bd3 Bf7 22. Qh4 Rd8 23. Rfe1 Qd7 24. f4 Rfe8 25. f5 Qxd4 26. Qxd4 Bxd4 27. fxg6 Bd5 0-1